000 00292nam a2200133Ia 4500
100 _aChapman/C.B
942 _cRB
654 _amanagement
245 _aManagement for engineers
260 _bJohn wiley
_aChichester
_c1987
082 _a658.002462
_bCHA
300 _a654
546 _aENGLISH
999 _c22965
_d22965